书目信息 |
| 题名: |
不同的宇宙
|
|
| 作者: | 劳克林 著 ;王文浩 译 | |
| 分册: | ||
| 出版信息: | 长沙 湖南科学技术出版社 2008.04 |
|
| 页数: | 306页 | |
| 开本: | 21cm | |
| 丛书名: | 物理系列 | |
| 单 册: | ||
| 中图分类: | O4-49 | |
| 科图分类: | ||
| 主题词: | 物理学--普及读物 | |
| 电子资源: | ||
| ISBN: | 978-7-5357-5185-0 | |
| 000 | 01070nam 2200265 450 | |
| 001 | 0011008909 | |
| 005 | 20100705101848.64 | |
| 010 | @a978-7-5357-5185-0@dCNY28.00 | |
| 100 | @a20100515d2008 em y0chiy0110 ea | |
| 101 | 0 | @achi |
| 102 | @aCN@b430000 | |
| 105 | @ay z 000yy | |
| 200 | 1 | @a不同的宇宙@Abu tong de yu zhou@d= A Different Universe@f(美) 罗伯特·劳克林著@F(mei)luo bo te·lao ke lin zhu@g王文浩译@zeng |
| 210 | @a长沙@c湖南科学技术出版社@d2008.04 | |
| 215 | @a306页@d21cm | |
| 225 | 2 | @a物理系列 |
| 330 | @a这绝对是一本令人振奋的书。它以富有魅力的写作风格,向我们描述了一系列明朗开心、诙谐而又玩世不恭、充满妙趣的故事。它讲述了量子行为的神奇世界是如何渗透在我们极为熟悉的日常生活中……《不同的宇宙》是一本真正具有启智意义的书,它向我们证明,为什么我们对基础物理学的一切认识都有待改变。 | |
| 410 | 0 | @12001 @a物理系列 |
| 500 | 10 | @aA Different Universe@mChinese |
| 606 | 0 | @a物理学@x普及读物 |
| 690 | @aO4-49@v4 | |
| 701 | 0 | @a劳克林@Alao ke lin@4著 |
| 702 | 0 | @a王文浩@Awang wen hao@4译 |
| 801 | 0 | @aCN@c20100515 |
| 905 | @dO4-49@eL062@f3 | |
| 不同的宇宙= A Different Universe/(美) 罗伯特·劳克林著/王文浩译.-长沙:湖南科学技术出版社,2008.04 |
| 306页;21cm.-(物理系列) |
| ISBN 978-7-5357-5185-0:CNY28.00 |
| 这绝对是一本令人振奋的书。它以富有魅力的写作风格,向我们描述了一系列明朗开心、诙谐而又玩世不恭、充满妙趣的故事。它讲述了量子行为的神奇世界是如何渗透在我们极为熟悉的日常生活中……《不同的宇宙》是一本真正具有启智意义的书,它向我们证明,为什么我们对基础物理学的一切认识都有待改变。 |
| ● |
| 相关链接 |
|
|
|
正题名:不同的宇宙
索取号:O4-49/L062
 
预约/预借
| 序号 | 登录号 | 条形码 | 馆藏地/架位号 | 状态 | 备注 |
| 1 | 989749 | 209897496 | 自科库401/401自科库 56排7列1层/ [索取号:O4-49/L062] | 在馆 | |
| 2 | 989750 | 209897502 | 自科库401/401自科库 56排7列1层/ [索取号:O4-49/L062] | 在馆 | |
| 3 | 989751 | 209897511 | 自科库401/401自科库 56排7列1层/ [索取号:O4-49/L062] | 在馆 |